[Event "2nd EUR-ch (w)"]
[Site "Warsaw POL"]
[Date "2001.04.29"]
[Round "7.51"]
[White "Toma, Katarzyna"]
[Black "Baklanova, Tatiana"]
[Result "1-0"]
[WhiteElo "2101"]
[BlackElo "2257"]
[EventDate "2001.04.21"]
[PlyCount "181"]

1.e4 c5 2.Nf3 g6 3.d4 Bg7 4.Nc3 cxd4 5.Nxd4 Nc6 6.Be3 Nf6 7.Bc4 O-O 8.Bb3 
Na5 9.e5 Ne8 10.Bxf7+ Kxf7 11.Ne6 dxe6 12.Qxd8 Nc6 13.Qd2 Bxe5 14.O-O-O 
Nd6 15.Qe2 Bf6 16.h4 e5 17.Nd5 Nf5 18.Nc7 Rb8 19.g4 Nd6 20.Nd5 Ne8 21.h5 
g5 22.h6 Rg8 23.Rh5 Be6 24.f3 Rg6 25.Nc3 Nd6 26.Bc5 Nd4 27.Qf2 N6b5 28.Ne4
b6 29.Bxd4 Nxd4 30.c3 Rc8 31.Kb1 Nb5 32.Qe3 Rcg8 33.Rd2 Nc7 34.Qe2 Rc8 35.
Qd1 Rgg8 36.Rd3 Na6 37.b4 Nb8 38.Qc1 Bc4 39.Rd2 Rg6 40.Kb2 Re8 41.Qd1 Rgg8
42.Qc2 Rg6 43.Qa4 a6 44.Qd1 Rgg8 45.Qg1 b5 46.Qe3 Rg6 47.Nxg5+ Kg8 48.Ne4 
Bf7 49.Rh1 Bh8 50.Rhd1 Nc6 51.g5 a5 52.Qc5 axb4 53.cxb4 Nd4 54.Qc3 Rf8 55.
Rf2 Bd5 56.Qe3 Rc6 57.Rc1 Ra6 58.a3 Bc4 59.Rg1 Bf7 60.Nc3 Rfa8 61.Ne4 Nb3 
62.g6 hxg6 63.h7+ Kf8 64.Rd1 Nd4 65.Nc5 Rd6 66.Qe4 Bd5 67.Qh4 Ke8 68.Ne4 
Rda6 69.Rd3 Bc4 70.Rc3 Ne2 71.Re3 Nd4 72.Qg4 Nf5 73.Rc3 Rd8 74.Qg1 Nd4 75.
Qh2 Rda8 76.Qg2 Nf5 77.Rd2 Nd4 78.Nc5 Rd6 79.Nb7 Rda6 80.Na5 Bd5 81.Qf1 
Rf6 82.Qc1 Be6 83.Rf2 e4 84.Qe3 Rxf3 85.Rxf3 exf3 86.Qe4 Rd8 87.Qxg6+ Kd7 
88.Rd3 f2 89.Qg2 Rf8 90.Qc6+ Kd8 91.Nb7# 1-0

[Event "2nd EUR-ch (w)"]
[Site "Warsaw POL"]
[Date "2001.04.29"]
[Round "7.52"]
[White "Dolzhikova, Olga"]
[Black "Manakova, Maria"]
[Result "0-1"]
[WhiteElo "2229"]
[BlackElo "2395"]
[EventDate "2001.04.21"]
[PlyCount "70"]

1.e4 c5 2.c3 e6 3.d4 d5 4.e5 Qb6 5.Nf3 Bd7 6.Be2 Bb5 7.c4 dxc4 8.d5 exd5 
9.Qxd5 Ne7 10.Qe4 Qc6 11.Qc2 Qg6 12.Qxg6 Nxg6 13.Na3 Bc6 14.Nxc4 Nd7 15.
O-O Be7 16.Nd6+ Kf8 17.Nf5 Ngxe5 18.Nxe5 Nxe5 19.Bf4 Ng6 20.Bg3 Rd8 21.
Rad1 Bd5 22.Bf3 Bxf3 23.gxf3 f6 24.Rxd8+ Bxd8 25.Rd1 Kf7 26.Nd6+ Ke6 27.
Nxb7 Be7 28.Bd6 Rc8 29.Re1+ Kd7 30.Bxe7 Nxe7 31.Rc1 c4 32.Na5 c3 33.bxc3 
Nd5 34.c4 Nf4 35.c5 Ne2+ 0-1

[Event "2nd EUR-ch (w)"]
[Site "Warsaw POL"]
[Date "2001.04.29"]
[Round "7.55"]
[White "Lopatskaya, Elena"]
[Black "Schuurman, Petra"]
[Result "1-0"]
[WhiteElo "2323"]
[BlackElo "2193"]
[EventDate "2001.04.21"]
[PlyCount "55"]

1.Nf3 g6 2.e4 c6 3.d4 d5 4.e5 Bg4 5.Be2 e6 6.O-O c5 7.c4 Nc6 8.cxd5 exd5 
9.dxc5 Bxc5 10.Nc3 Nge7 11.Bg5 Be6 12.Bf6 Rg8 13.Rc1 a6 14.a3 Ba7 15.b4 
Qd7 16.b5 axb5 17.Nxb5 Bb8 18.a4 g5 19.Nbd4 g4 20.Nxc6 gxf3 21.Nxe7 Rxg2+ 
22.Kh1 fxe2 23.Qxe2 Rxh2+ 24.Kxh2 Qxa4 25.f4 Qb3 26.Rf3 Qb6 27.Qg2 Kd7 28.
f5 1-0

[Event "2nd EUR-ch (w)"]
[Site "Warsaw POL"]
[Date "2001.04.29"]
[Round "7.56"]
[White "Saljova-Orsagova, Silvie"]
[Black "Fomina, Tatjana"]
[Result "1-0"]
[WhiteElo "2142"]
[BlackElo "2278"]
[EventDate "2001.04.21"]
[PlyCount "85"]

1.d4 d5 2.Nf3 Nc6 3.Bf4 Bg4 4.e3 e6 5.c4 Bb4+ 6.Nc3 Nge7 7.a3 Bxc3+ 8.bxc3
O-O 9.h3 Bh5 10.Bh2 Na5 11.cxd5 exd5 12.Qa4 c6 13.Ne5 b5 14.Qc2 f6 15.Nd3 
Bg6 16.Qa2 Nc4 17.Nc5 Qc8 18.Be2 Re8 19.O-O Nf5 20.e4 dxe4 21.Bxc4+ bxc4 
22.Qxc4+ Kh8 23.Rfe1 e3 24.Bf4 exf2+ 25.Kxf2 Ne7 26.Bh2 Qf5+ 27.Kg1 Nd5 
28.Nb7 Qc2 29.Qxc6 Be4 30.Rxe4 Qxe4 31.Nd6 Qe6 32.Bg3 Rac8 33.Qb7 Rc7 34.
Qb5 Rf8 35.Re1 Ne3 36.Qd3 Re7 37.Bf4 Qb3 38.Rxe3 Rxe3 39.Qxe3 Qxa3 40.Qe7 
Kg8 41.Qe6+ Kh8 42.Nf7+ Kg8 43.Nh6+ 1-0

[Event "2nd EUR-ch (w)"]
[Site "Warsaw POL"]
[Date "2001.04.29"]
[Round "7.57"]
[White "Alieva, Elmira"]
[Black "Kucypera, Anna"]
[Result "1/2-1/2"]
[WhiteElo "2257"]
[BlackElo "2145"]
[EventDate "2001.04.21"]
[PlyCount "89"]

1.d4 Nf6 2.Nf3 g6 3.c4 Bg7 4.g3 O-O 5.Bg2 d6 6.O-O Nc6 7.Nc3 a6 8.b3 e5 9.
dxe5 dxe5 10.Ba3 Re8 11.Qxd8 Rxd8 12.Rad1 Bf5 13.Nd5 Rd7 14.Bb2 Re8 15.Nh4
Be6 16.f4 Bg4 17.Rd2 Nxd5 18.cxd5 Rdd8 19.h3 Bc8 20.Rfd1 Nb8 21.Rc1 Re7 
22.Bxe5 Bxe5 23.fxe5 c6 24.Rcd1 cxd5 25.Rxd5 Rde8 26.Nf3 Nc6 27.Rc1 Bf5 
28.Rcd1 Be4 29.Rd7 Nxe5 30.Rxe7 Rxe7 31.Nxe5 Rxe5 32.Bxe4 Rxe4 33.Kf2 Re7 
34.Rd6 Kg7 35.a4 h5 36.Rb6 Kh6 37.Kf3 Kg5 38.e4 h4 39.g4 f5 40.gxf5 gxf5 
41.e5 Rxe5 42.Rxb7 Rc5 43.Rg7+ Kf6 44.Ra7 Kg5 45.Rg7+ 1/2-1/2

[Event "2nd EUR-ch (w)"]
[Site "Warsaw POL"]
[Date "2001.04.29"]
[Round "7.58"]
[White "Grosar, Kiti"]
[Black "Sosnowska, Elzbieta"]
[Result "1/2-1/2"]
[WhiteElo "2244"]
[BlackElo "2095"]
[EventDate "2001.04.21"]
[PlyCount "136"]

1.e4 e5 2.Nf3 Nc6 3.d4 exd4 4.Nxd4 Bc5 5.Nxc6 Qf6 6.Qd2 dxc6 7.Nc3 Ne7 8.
Bd3 O-O 9.O-O Ng6 10.Kh1 Bd6 11.f4 Qh4 12.g3 Qh3 13.Qf2 Bg4 14.Bd2 h5 15.
e5 Be7 16.Be4 Bd7 17.Ne2 h4 18.Bc3 hxg3 19.Nxg3 Bg4 20.Bg2 Qh6 21.f5 Nh4 
22.f6 gxf6 23.Bd2 Qh7 24.exf6 Bd6 25.Be4 Ng6 26.Rg1 Rae8 27.Bd3 Qh3 28.
Raf1 Re5 29.Bxg6 fxg6 30.Bc3 Rf5 31.Qg2 Bxg3 32.Qxh3 Bxh3 33.Rxf5 Bxf5 34.
Rxg3 Re8 35.Kg1 Bxc2 36.Kf2 Bf5 37.Kf3 Kf7 38.Rg1 c5 39.h4 b5 40.a3 Be4+ 
41.Kf4 Bf5 42.Be5 Rh8 43.Rh1 Rh5 44.Bxc7 Kxf6 45.Bd8+ Kf7 46.Ke5 Be6+ 47.
Bg5 Rh8 48.Kd6 c4 49.Re1 Re8 50.Re5 a6 51.Rc5 Rc8 52.Re5 Rb8 53.Kc7 Rc8+ 
54.Kb7 c3 55.bxc3 Rxc3 56.Kxa6 Rxa3+ 57.Kxb5 Rc3 58.Kb6 Rc2 59.Ra5 Bf5 60.
h5 Rh2 61.h6 Ke6 62.Ra7 Be4 63.Re7+ Kf5 64.Be3 g5 65.Bd4 Rxh6+ 66.Kc5 Bf3 
67.Be3 Re6 68.Rxe6 Kxe6 1/2-1/2

[Event "2nd EUR-ch (w)"]
[Site "Warsaw POL"]
[Date "2001.04.29"]
[Round "7.59"]
[White "Rantanen, Tanja"]
[Black "Grabics, Monika"]
[Result "0-1"]
[WhiteElo "2149"]
[BlackElo "2354"]
[EventDate "2001.04.21"]
[PlyCount "106"]

1.e4 Nc6 2.d4 d5 3.exd5 Qxd5 4.Nf3 Bg4 5.Be2 O-O-O 6.Be3 e5 7.c4 Qa5+ 8.
Bd2 Bb4 9.d5 e4 10.Ng5 Bxe2 11.Qxe2 Nd4 12.Qd1 Nh6 13.O-O Bxd2 14.Nxd2 e3 
15.Nb3 exf2+ 16.Rxf2 Nxb3 17.Qxb3 Qc5 18.Qd3 Rhe8 19.Rf1 Re5 20.Ne4 Qe7 
21.Nd2 f5 22.Nb3 a6 23.Nd4 g6 24.h3 Nf7 25.Qc3 Re3 26.Qa5 Ne5 27.Rc2 Re4 
28.Rd1 Rxd4 29.Rxd4 Nf3+ 30.gxf3 Qe3+ 31.Kg2 Qxd4 32.Qc3 Qf4 33.Re2 Qg5+ 
34.Kh2 f4 35.Rg2 Qh5 36.Rg4 g5 37.Qe5 Re8 38.Qxg5 Re2+ 39.Kg1 Qxg5 40.Rxg5
Rxb2 41.Rf5 Rxa2 42.Rxf4 Rc2 43.Re4 a5 44.f4 a4 45.f5 a3 46.f6 a2 47.Re1 
Rxc4 48.Rf1 Rf4 49.Ra1 Rxf6 50.Rxa2 Rf5 51.Ra8+ Kd7 52.Rh8 h5 53.Rh7+ Kd6 
0-1

[Event "2nd EUR-ch (w)"]
[Site "Warsaw POL"]
[Date "2001.04.29"]
[Round "7.60"]
[White "Hernandez Estevez, Yudania"]
[Black "Ismailova, Parvana"]
[Result "1-0"]
[WhiteElo "2265"]
[BlackElo "2140"]
[EventDate "2001.04.21"]
[PlyCount "147"]

1.e4 c6 2.d4 d5 3.Nc3 dxe4 4.Nxe4 Bf5 5.Ng3 Bg6 6.h4 h6 7.Nf3 Nd7 8.h5 Bh7
9.Bd3 Bxd3 10.Qxd3 Qc7 11.Bd2 Ngf6 12.O-O-O e6 13.Ne4 O-O-O 14.g3 Nxe4 15.
Qxe4 Nf6 16.Qe2 Bd6 17.c4 c5 18.Bc3 Rhe8 19.Kb1 cxd4 20.Nxd4 a6 21.Nb3 Qc6
22.Rhe1 Bf8 23.Rc1 Rd7 24.g4 Red8 25.g5 hxg5 26.h6 Be7 27.hxg7 Rg8 28.Nd4 
Qc7 29.c5 Qf4 30.c6 Rxd4 31.Bxd4 Qxd4 32.Red1 Qf4 33.cxb7+ Kxb7 34.Qc2 Qf5
35.Rd3 Nd5 36.Ka1 Ka7 37.Qc4 Qe5 38.Rb3 Qd6 39.Qd4+ Nb6 40.Qxd6 Bxd6 41.
Rc6 Nc8 42.Rbc3 Rxg7 43.Rxc8 Rh7 44.a4 Rh4 45.R8c4 Rh2 46.Rd3 Bf4 47.Rc2 
f6 48.a5 Rh7 49.Rc6 Re7 50.Ka2 Bc7 51.Re3 Be5 52.b4 Rd7 53.Kb3 Rd2 54.Rh3 
Rb2+ 55.Ka3 Rxf2 56.Rh7+ Kb8 57.Rxe6 Bc7 58.Kb3 g4 59.Re8+ Kb7 60.Ree7 
Rf3+ 61.Kc4 Rf4+ 62.Kd5 Rf5+ 63.Kd4 Rf4+ 64.Kd3 Rf3+ 65.Kd2 Rf2+ 66.Kd1 
Rf1+ 67.Ke2 Rc1 68.b5 axb5 69.a6+ Kxa6 70.Rxc7 Rxc7 71.Rxc7 Ka5 72.Kd3 Ka4
73.Kc2 Ka3 74.Rf7 1-0

[Event "2nd EUR-ch (w)"]
[Site "Warsaw POL"]
[Date "2001.04.29"]
[Round "7.62"]
[White "Reszka, Malgorzata"]
[Black "Hlgatian, Goar"]
[Result "0-1"]
[WhiteElo "2119"]
[BlackElo "2258"]
[EventDate "2001.04.21"]
[PlyCount "110"]

1.e4 e6 2.d4 d5 3.Nc3 Bb4 4.e5 c5 5.Bd2 Ne7 6.Nb5 Bxd2+ 7.Qxd2 O-O 8.f4 a6
9.Nd6 cxd4 10.Nf3 Nbc6 11.Bd3 f6 12.O-O Qc7 13.Rae1 Bd7 14.Qf2 g6 15.Qh4 
Kg7 16.g4 Ng8 17.f5 fxe5 18.Ng5 h6 19.Ngf7 exf5 20.gxf5 Rxf7 21.Nxf7 Bxf5 
22.Bxf5 Qxf7 23.Bh3 Qe7 24.Qxe7+ Ngxe7 25.Be6 Rf8 26.Rxf8 Kxf8 27.Rf1+ Ke8
28.Bf7+ Kd7 29.Rf6 Nb4 30.Be6+ Kc7 31.c3 dxc3 32.bxc3 Nxa2 33.Rf3 e4 34.
Rh3 Kd6 35.Bg4 h5 36.Bd1 Nf5 37.Kf1 Ke5 38.Ke2 Nc1+ 39.Kd2 Nd3 40.Rxd3 
exd3 41.Kxd3 b5 42.Be2 Kf4 43.Bd1 h4 44.Bb3 Ne3 45.Ba2 g5 46.Ke2 g4 47.Bb1
h3 48.Ba2 Nc4 49.Kf2 a5 50.Bb3 Nd2 51.Bxd5 Ne4+ 52.Ke1 Nxc3 53.Bc6 Ke3 54.
Bd7 a4 55.Bxg4 a3 0-1

[Event "2nd EUR-ch (w)"]
[Site "Warsaw POL"]
[Date "2001.04.29"]
[Round "7.63"]
[White "Erenska, Hanna"]
[Black "Tallova, Ivana"]
[Result "1-0"]
[WhiteElo "2246"]
[BlackElo "2108"]
[EventDate "2001.04.21"]
[PlyCount "48"]

1.e4 e5 2.Nc3 Nc6 3.g3 Nf6 4.Bg2 d6 5.Nge2 Be7 6.d4 Nxd4 7.Nxd4 exd4 8.
Qxd4 O-O 9.h3 c6 10.Be3 Be6 11.f4 Re8 12.O-O d5 13.e5 c5 14.Qd3 d4 15.f5 
Bd7 16.exf6 Bxf6 17.Ne4 dxe3 18.Nxf6+ Qxf6 19.Qxd7 Rad8 20.Qxb7 e2 21.Rfe1
Qd4+ 22.Kh2 Re3 23.Qc7 h6 24.c3 Qd3 1-0

[Event "2nd EUR-ch (w)"]
[Site "Warsaw POL"]
[Date "2001.04.29"]
[Round "7.64"]
[White "Baskite, Viktoria"]
[Black "Sasu-Ducsoara, Andreea"]
[Result "0-1"]
[WhiteElo "2073"]
[BlackElo "2240"]
[EventDate "2001.04.21"]
[PlyCount "64"]

1.d4 Nf6 2.c4 g6 3.Nc3 Bg7 4.Nf3 O-O 5.Bg5 d6 6.Qd2 a6 7.g3 Nc6 8.Bg2 Na5 
9.b3 c5 10.Rd1 cxd4 11.Nxd4 Rb8 12.O-O Bd7 13.e4 Nc6 14.Nxc6 Bxc6 15.Nd5 
Bxd5 16.Bxf6 Bxf6 17.Qxd5 Qc7 18.Rc1 Rfc8 19.Rfd1 Qb6 20.Rc2 Kg7 21.Kh1 h5
22.f4 h4 23.g4 h3 24.g5 hxg2+ 25.Kxg2 Qe3 26.gxf6+ exf6 27.Rf2 Rh8 28.Kf1 
Qh3+ 29.Ke2 Rbe8 30.Rd3 Qg4+ 31.Kd2 Rxh2 32.Rf3 Qxf3 0-1

[Event "2nd EUR-ch (w)"]
[Site "Warsaw POL"]
[Date "2001.04.29"]
[Round "7.66"]
[White "Calotescu, Ana-Cristina"]
[Black "Hagesather, Ellen"]
[Result "1-0"]
[WhiteElo "2218"]
[BlackElo "2093"]
[EventDate "2001.04.21"]
[PlyCount "75"]

1.Nf3 g6 2.d4 Bg7 3.c4 d6 4.g3 Nf6 5.Bg2 O-O 6.O-O Nc6 7.Nc3 e5 8.d5 Ne7 
9.e4 Nd7 10.b4 h6 11.a4 f5 12.Ba3 Nf6 13.Nd2 g5 14.c5 f4 15.Nc4 g4 16.Re1 
Nh7 17.cxd6 cxd6 18.b5 Rf6 19.gxf4 Rxf4 20.Nxd6 Ng6 21.Ne2 Qh4 22.Nxf4 
exf4 23.Rc1 f3 24.Rxc8+ Rxc8 25.Nf5 Qf6 26.Bf1 Ng5 27.Nxg7 Qxg7 28.Qd2 Ne5
29.Bb2 h5 30.d6 Kh7 31.Kh1 Ngf7 32.Rd1 h4 33.d7 Rd8 34.Qf4 Kg8 35.Bc4 Nxc4
36.Bxg7 Kxg7 37.Qxg4+ Kf8 38.Qxf3 1-0

[Event "2nd EUR-ch (w)"]
[Site "Warsaw POL"]
[Date "2001.04.29"]
[Round "7.67"]
[White "Agrest, Svetlana"]
[Black "Chmielinska, Alicja"]
[Result "1-0"]
[WhiteElo "2215"]
[BlackElo "2047"]
[EventDate "2001.04.21"]
[PlyCount "99"]

1.e4 e5 2.Nf3 Nc6 3.Bb5 a6 4.Ba4 Nf6 5.Nc3 b5 6.Bb3 Be7 7.d3 d6 8.a4 Bb7 
9.axb5 axb5 10.Rxa8 Qxa8 11.Nxb5 Qa5+ 12.Nc3 Nd4 13.Ba4+ c6 14.Bd2 O-O 15.
b3 Qc7 16.O-O d5 17.Re1 dxe4 18.dxe4 Rd8 19.Nb1 c5 20.Nxd4 cxd4 21.f3 Qb6 
22.Kh1 Ba6 23.Qc1 Rc8 24.Qb2 h6 25.c3 dxc3 26.Bxc3 Bb4 27.Rd1 Bxc3 28.Nxc3
Qc5 29.Nd5 Nh5 30.b4 Qd6 31.b5 Bb7 32.Nf4 Qxd1+ 33.Bxd1 Nxf4 34.h3 Nd3 35.
Qd2 Nc5 36.Kh2 Kh7 37.Qd6 f6 38.Be2 Kh8 39.Qe7 Kh7 40.Bc4 Ba8 41.Bd5 Nd3 
42.Bxa8 Rxa8 43.b6 Ra2 44.b7 Nf4 45.b8=Q Rxg2+ 46.Kh1 Rg3 47.Qef8 Rxh3+ 
48.Kg1 Rg3+ 49.Kf2 Rg2+ 50.Kf1 1-0

[Event "2nd EUR-ch (w)"]
[Site "Warsaw POL"]
[Date "2001.04.29"]
[Round "7.70"]
[White "Apanaviciute, Kristina"]
[Black "Kadziolka, Beata"]
[Result "1/2-1/2"]
[WhiteElo "2019"]
[BlackElo "2164"]
[EventDate "2001.04.21"]
[PlyCount "114"]

1.e4 c5 2.Nf3 d6 3.c3 Nf6 4.Bd3 Bg4 5.h3 Bxf3 6.Qxf3 Nc6 7.Qe2 g6 8.O-O 
Bg7 9.Bc2 O-O 10.d3 b5 11.Nd2 Nd7 12.Nf3 b4 13.Bd2 Qa5 14.cxb4 cxb4 15.a3 
Bxb2 16.axb4 Qxa1 17.Rxa1 Bxa1 18.Ba4 Rfc8 19.Bh6 Bg7 20.Bxg7 Kxg7 21.Qb2+
Nf6 22.b5 Nd8 23.e5 dxe5 24.Qxe5 Ne6 25.d4 Rc1+ 26.Kh2 Kf8 27.Bb3 Rd8 28.
Bxe6 fxe6 29.Ng5 Rd6 30.Nxh7+ Nxh7 31.Qh8+ Kf7 32.Qxh7+ Ke8 33.Qxg6+ Kd7 
34.Qd3 Ra1 35.Qe4 Rb6 36.d5 exd5 37.Qxd5+ Rd6 38.Qf5+ Kd8 39.Qf8+ Kd7 40.
Qf5+ Kd8 41.h4 Ra5 42.h5 Rb6 43.g4 Raxb5 44.Qf8+ Kd7 45.Kg3 Rf6 46.Qg8 a5 
47.g5 Rff5 48.f4 Rb4 49.h6 Rbxf4 50.h7 Rf3+ 51.Kg4 R5f4+ 52.Kh5 Rh3+ 53.
Kg6 Rfh4 54.Qd5+ Kc8 55.Qc6+ Kd8 56.Qd5+ Kc8 57.Qxa5 Rxh7 1/2-1/2

[Event "2nd EUR-ch (w)"]
[Site "Warsaw POL"]
[Date "2001.04.29"]
[Round "7.72"]
[White "Winter, Astrid"]
[Black "Zawadzka, Magdalena"]
[Result "1/2-1/2"]
[WhiteElo "2135"]
[BlackElo "2050"]
[EventDate "2001.04.21"]
[PlyCount "77"]

1.e4 e5 2.Nf3 Nc6 3.c3 d5 4.Bb5 dxe4 5.Nxe5 Qd5 6.Nxc6 Qxb5 7.Nd4 Qg5 8.
Rg1 Qg6 9.Qe2 Ne7 10.f3 exf3 11.Nxf3 Be6 12.d4 O-O-O 13.Nbd2 Nd5 14.Ne4 f6
15.c4 Nb4 16.Nh4 Qf7 17.d5 Nxd5 18.cxd5 Bxd5 19.Qg4+ Kb8 20.Be3 Re8 21.
O-O-O Bb4 22.Nd2 Bxd2+ 23.Bxd2 Re4 24.Qg3 Bxa2 25.Rge1 Qc4+ 26.Bc3 Rxh4 
27.Qxg7 Rc8 28.Qxf6 Rxh2 29.Rd8 b6 30.Ree8 Rh1+ 31.Kd2 Rxd8+ 32.Qxd8+ Kb7 
33.Qc8+ Kc6 34.Qa8+ Kb5 35.Re5+ c5 36.Qe8+ Ka6 37.Qc8+ Kb5 38.Qe8+ Ka6 39.
Qc8+ 1/2-1/2

[Event "2nd EUR-ch (w)"]
[Site "Warsaw POL"]
[Date "2001.04.29"]
[Round "7.77"]
[White "Ornstein, Petra"]
[Black "Just, Anita"]
[Result "1-0"]
[WhiteElo "2035"]
[BlackElo "2061"]
[EventDate "2001.04.21"]
[PlyCount "65"]

1.e4 e6 2.d3 d5 3.Nd2 c5 4.Ngf3 Nc6 5.g3 Nf6 6.Bg2 Be7 7.O-O O-O 8.e5 Nd7 
9.Re1 Qc7 10.Qe2 b5 11.c3 Bb7 12.Nf1 c4 13.d4 b4 14.Bf4 bxc3 15.bxc3 Rab8 
16.h4 Ba6 17.h5 Qa5 18.Rac1 Rb7 19.Ne3 Rfb8 20.Ng5 Rb2 21.Qg4 Nf8 22.Nxd5 
exd5 23.e6 Bxg5 24.exf7+ Kh8 25.Qxg5 Qd8 26.Qxd5 Qxd5 27.Bxd5 Rc8 28.Bxc6 
Rxc6 29.Re8 Rc8 30.Bd6 Re2 31.Rxf8+ Rxf8 32.Bxf8 Re6 33.Rb1 1-0

[Event "2nd EUR-ch (w)"]
[Site "Warsaw POL"]
[Date "2001.04.30"]
[Round "8.1"]
[White "Grabuzova, Tatiana"]
[Black "Kovalevskaya, Ekaterina"]
[Result "1/2-1/2"]
[WhiteElo "2375"]
[BlackElo "2506"]
[EventDate "2001.04.21"]
[PlyCount "52"]

1.b3 e5 2.Bb2 Nc6 3.e3 g6 4.f4 Bg7 5.Nf3 f6 6.fxe5 fxe5 7.Bb5 Nge7 8.O-O 
O-O 9.e4 h6 10.Bxc6 Nxc6 11.d3 d6 12.Nbd2 Be6 13.Nc4 Qe7 14.Qe1 Nd4 15.
Nxd4 Rxf1+ 16.Qxf1 exd4 17.Qe2 Rf8 18.Rf1 Rxf1+ 19.Qxf1 d5 20.exd5 Bxd5 
21.Qf2 Bxc4 22.dxc4 Qe4 23.Qd2 Be5 24.g3 h5 25.Qd3 Qxd3 26.cxd3 g5 1/2-1/2

[Event "2nd EUR-ch (w)"]
[Site "Warsaw POL"]
[Date "2001.04.30"]
[Round "8.2"]
[White "Bojkovic, Natasa"]
[Black "Sedina, Elena"]
[Result "1-0"]
[WhiteElo "2447"]
[BlackElo "2393"]
[EventDate "2001.04.21"]
[PlyCount "76"]

1.e4 e6 2.d4 d5 3.Nd2 c5 4.exd5 exd5 5.Ngf3 Nc6 6.Bb5 Bd6 7.dxc5 Bxc5 8.
O-O Ne7 9.Nb3 Bd6 10.Re1 O-O 11.Bg5 Bg4 12.Bh4 Qc7 13.Bg3 Bxg3 14.hxg3 
Rad8 15.c3 Ng6 16.Be2 Rfe8 17.Nfd4 Bxe2 18.Rxe2 Nge5 19.Qc2 Nxd4 20.Nxd4 
Nc6 21.Rae1 Qd7 22.Qd3 g6 23.Nf3 Rxe2 24.Rxe2 Qc7 25.Qe3 Qd6 26.Rd2 Qf6 
27.Rd1 Kg7 28.Qc5 b6 29.Qe3 h6 30.Rd3 Qe6 31.Qd2 Qe4 32.Kh2 a5 33.Re3 Qg4 
34.Rd3 Qd7 35.Qd1 b5 36.Kg1 b4 37.Nd4 Rc8 38.Re3 bxc3 1-0

[Event "2nd EUR-ch (w)"]
[Site "Warsaw POL"]
[Date "2001.04.30"]
[Round "8.4"]
[White "Gaponenko, Inna"]
[Black "Arakhamia-Grant, Ketevan"]
[Result "1-0"]
[WhiteElo "2373"]
[BlackElo "2427"]
[EventDate "2001.04.21"]
[PlyCount "85"]

1.e4 c5 2.Nf3 e6 3.d4 cxd4 4.Nxd4 Nf6 5.Nc3 d6 6.Be3 a6 7.Qd2 b5 8.f3 Nbd7
9.g4 Nb6 10.Qf2 Nfd7 11.f4 Qc7 12.f5 e5 13.Nb3 b4 14.Bxb6 Nxb6 15.Nd5 Nxd5
16.exd5 Be7 17.h4 Bd7 18.O-O-O a5 19.Kb1 O-O 20.Nd2 f6 21.Bd3 a4 22.Rh3 
Ra5 23.Qe2 a3 24.Nc4 Rxd5 25.Ne3 Rc5 26.Bc4+ Kh8 27.Nd5 Rxd5 28.Bxd5 axb2 
29.Rb3 Qc5 30.Qc4 Rb8 31.a3 Rc8 32.Rxb4 Qf2 33.Qb3 h5 34.Rb7 Rd8 35.Be6 
Qe2 36.Rd3 e4 37.Rc3 Bxe6 38.fxe6 Re8 39.Qa4 Rf8 40.Rxe7 Qd1+ 41.Kxb2 Rb8+
42.Rb3 Rxb3+ 43.Qxb3 1-0

[Event "2nd EUR-ch (w)"]
[Site "Warsaw POL"]
[Date "2001.04.30"]
[Round "8.7"]
[White "Peptan, Corina-Isabela"]
[Black "Reizniece, Dana"]
[Result "1-0"]
[WhiteElo "2461"]
[BlackElo "2301"]
[EventDate "2001.04.21"]
[PlyCount "191"]

1.e4 d6 2.d4 Nf6 3.Nc3 g6 4.Be3 c6 5.Qd2 b5 6.Bd3 Nbd7 7.Nf3 e5 8.O-O a6 
9.a4 Bb7 10.dxe5 dxe5 11.h3 Bg7 12.Bh6 O-O 13.Ne2 Qc7 14.Ng3 Rfe8 15.Bxg7 
Kxg7 16.Qg5 Ng8 17.h4 h6 18.Qd2 Rad8 19.Qc3 Qd6 20.h5 Qe7 21.Rfd1 Kh7 22.
Bf1 Ngf6 23.axb5 cxb5 24.hxg6+ fxg6 25.Qc7 Rb8 26.b4 Rec8 27.Qd6 Qxd6 28.
Rxd6 Kg7 29.Rad1 Rc7 30.Ne1 Kf7 31.f3 Ke7 32.Ne2 Rc4 33.c3 Ra8 34.Nc2 Rc7 
35.g3 Rc6 36.Rxc6 Bxc6 37.Nc1 Nb6 38.Nb3 Na4 39.Ne3 Nd7 40.Na5 Rc8 41.Bh3 
Nab6 42.c4 bxc4 43.Nexc4 Nxc4 44.Nxc4 Rb8 45.Bxd7 Bxd7 46.Nxe5 Be8 47.Rd4 
Rb5 48.Ng4 h5 49.Ne3 Bf7 50.f4 a5 51.bxa5 Rxa5 52.Kf2 Ra3 53.Rb4 Ra7 54.
Rb6 Kf8 55.Kf3 Ra3 56.Rb8+ Ke7 57.Rb7+ Kf8 58.Rb6 Ke7 59.f5 gxf5 60.exf5 
Ra4 61.f6+ Kd7 62.Nf5 Bg6 63.Ne7 Be8 64.Nd5 Bg6 65.Nf4 Ra3+ 66.Kg2 Bf7 67.
Kh3 Ra5 68.Kh4 Rf5 69.Ra6 Rb5 70.Ra7+ Ke8 71.Ra8+ Kd7 72.Rf8 Bd5 73.Nxh5 
Bf3 74.g4 Rb4 75.Rg8 Ke6 76.Rg7 Ra4 77.Kg3 Bd1 78.Re7+ Kd6 79.Nf4 Ra3+ 80.
Kh4 Ra4 81.Re6+ Kd7 82.Re1 Bf3 83.Kg3 Be4 84.g5 Ke8 85.Kg4 Kf7 86.Rc1 Ra7 
87.Rc4 Bb1 88.Kh5 Bf5 89.Rc6 Be4 90.Rd6 Bf5 91.Rb6 Be4 92.Kh6 Ra1 93.g6+ 
Bxg6 94.Nxg6 Rh1+ 95.Kg5 Rg1+ 96.Kf5 1-0

[Event "2nd EUR-ch (w)"]
[Site "Warsaw POL"]
[Date "2001.04.30"]
[Round "8.8"]
[White "Khurtsidze, Nino"]
[Black "Olarasu, Gabriela"]
[Result "1-0"]
[WhiteElo "2456"]
[BlackElo "2278"]
[EventDate "2001.04.21"]
[PlyCount "59"]

1.d4 d5 2.c4 c6 3.Nc3 Nf6 4.e3 a6 5.Qc2 b5 6.b3 Bg4 7.Nge2 Bxe2 8.Bxe2 e6 
9.O-O Be7 10.Bb2 O-O 11.a4 bxc4 12.bxc4 a5 13.e4 dxc4 14.Rad1 Na6 15.Bxc4 
Qb6 16.Qe2 Bb4 17.Bc1 Rfe8 18.Be3 Qc7 19.Kh1 Nd7 20.f4 Nb6 21.Bb3 Bf8 22.
f5 e5 23.dxe5 Qxe5 24.Bd4 Qc7 25.f6 g6 26.Bxb6 Qxb6 27.Bxf7+ Kxf7 28.Rd7+ 
Ke6 29.Qg4+ Ke5 30.Rf5+ 1-0

[Event "2nd EUR-ch (w)"]
[Site "Warsaw POL"]
[Date "2001.04.30"]
[Round "8.10"]
[White "Radziewicz, Iweta"]
[Black "Foisor, Cristina"]
[Result "0-1"]
[WhiteElo "2345"]
[BlackElo "2408"]
[EventDate "2001.04.21"]
[PlyCount "232"]

1.d4 d5 2.c4 c6 3.Nc3 Nf6 4.Nf3 g6 5.cxd5 cxd5 6.Bf4 Bg7 7.e3 O-O 8.Be2 
Nc6 9.Ne5 Bd7 10.O-O e6 11.Qb3 Qb6 12.Qxb6 axb6 13.Rfc1 Rfc8 14.Nxd7 Nxd7 
15.Nb5 Bf8 16.a3 Na5 17.Rxc8 Rxc8 18.b4 Nb3 19.Rb1 Nd2 20.Rd1 Ne4 21.f3 
Nef6 22.Bd3 Ne8 23.e4 Ndf6 24.Rc1 Rxc1+ 25.Bxc1 Bg7 26.Bf4 Kf8 27.Kf1 Ke7 
28.Bg5 h6 29.Bh4 g5 30.Bf2 Kd7 31.g3 Nc7 32.Nc3 Ng8 33.Na4 b5 34.Nc3 Kc6 
35.Ke2 Ne7 36.e5 Nc8 37.a4 Na7 38.f4 gxf4 39.gxf4 Bf8 40.Be1 b6 41.Bd2 
bxa4 42.Nxa4 Nab5 43.Ke3 Na3 44.Nb2 b5 45.Bh7 Kd7 46.Bc3 Na6 47.Bg8 Bxb4 
48.Bxb4 Nxb4 49.Bxf7 Nac2+ 50.Kd2 Nxd4 51.Kc3 Ndc6 52.Bh5 d4+ 53.Kd2 Nd5 
54.Be2 Nc3 55.Bf3 Nb4 56.Nd3 Ncd5 57.Nc5+ Ke7 58.Nb3 Nxf4 59.Nxd4 Ng6 60.
Nxb5 Nxe5 61.Bd1 Kf6 62.Nd4 Nbc6 63.Nb3 Nc4+ 64.Ke2 Nb4 65.Kf2 Nd3+ 66.Kg3
Ne3 67.Be2 Ne5 68.Nc5 Nf5+ 69.Kf2 Nd6 70.Kg3 Kf5 71.Bf1 Ne4+ 72.Nxe4 Kxe4 
73.Bh3 Kd5 74.Bg2+ Kd6 75.Be4 Nd7 76.Kf4 Ke7 77.Bb1 Kf6 78.Kg4 Nc5 79.Kh5 
Kg7 80.Kg4 Nd7 81.Kf4 Nf6 82.h3 Kf7 83.Ba2 Ke7 84.Bb1 Kd6 85.Ba2 Nd5+ 86.
Kg4 Nf6+ 87.Kf4 Nh5+ 88.Kg4 Ng7 89.Kf4 Nf5 90.Bb1 Nd4 91.Ke4 Ne2 92.Kf3 
Nc3 93.Bh7 Ke5 94.Kg4 Ne4 95.Bg6 Nf6+ 96.Kf3 Kd4 97.Bc2 e5 98.Ba4 e4+ 99.
Kf4 Nd5+ 100.Kf5 Nc3 101.Be8 e3 102.Bh5 Ne4 103.Kf4 Kd3 104.Be8 Nf2 105.
Bb5+ Kd2 106.Bf1 Nxh3+ 107.Kg4 Ng5 108.Kh5 Nf7 109.Kg4 e2 110.Bxe2 Kxe2 
111.Kh5 Kf3 112.Kh4 Kf4 113.Kh5 Kf5 114.Kh4 Kg6 115.Kg4 h5+ 116.Kg3 Ne5 
0-1

[Event "2nd EUR-ch (w)"]
[Site "Warsaw POL"]
[Date "2001.04.30"]
[Round "8.11"]
[White "Danielian, Elina"]
[Black "Kosintseva, Nadezhda"]
[Result "1-0"]
[WhiteElo "2369"]
[BlackElo "2289"]
[EventDate "2001.04.21"]
[PlyCount "107"]

1.Nf3 g6 2.g3 Bg7 3.Bg2 f5 4.O-O Nf6 5.d3 d6 6.c4 O-O 7.Nc3 e5 8.Rb1 a5 9.
a3 Nc6 10.b4 axb4 11.axb4 h6 12.b5 Ne7 13.Nd2 g5 14.Qb3 Kh8 15.Bb2 Rb8 16.
Ra1 b6 17.Ra7 Be6 18.Rfa1 f4 19.Nce4 fxg3 20.hxg3 Ng4 21.Nf3 Bf5 22.Nc3 
Bg6 23.Nd5 Nxd5 24.cxd5 Nf6 25.Qc4 Ne8 26.Nd2 Qf6 27.Rf1 Rd8 28.Bh3 h5 29.
Be6 Bh6 30.Ne4 Qe7 31.d4 Bg7 32.dxe5 Bxe5 33.Bc1 Bxe4 34.Qxe4 Qg7 35.Be3 
Rb8 36.Rc1 Bf6 37.Rc6 Qh6 38.Bf5 Bg7 39.Bg6 Nf6 40.Qd3 Rbc8 41.Bf5 Ra8 42.
Rcxc7 Rxa7 43.Rxa7 h4 44.gxh4 Qxh4 45.Qd4 Qh5 46.Bd3 Kg8 47.Bf5 Kh8 48.f3 
Kg8 49.Be6+ Kh8 50.Kg2 Qg6 51.Qd3 Qh6 52.Ra1 Nh5 53.Rh1 Rf4 54.Bg4 1-0

[Event "2nd EUR-ch (w)"]
[Site "Warsaw POL"]
[Date "2001.04.30"]
[Round "8.12"]
[White "Ionescu-Brandis, Irina"]
[Black "Zhukova, Natalia"]
[Result "1/2-1/2"]
[WhiteElo "2339"]
[BlackElo "2463"]
[EventDate "2001.04.21"]
[PlyCount "104"]

1.e4 c6 2.d3 d5 3.Nd2 e5 4.Ngf3 Bd6 5.g3 Nf6 6.Bg2 O-O 7.O-O h6 8.Re1 Re8 
9.b3 a5 10.a3 Bc7 11.Bb2 d4 12.h3 Be6 13.Nh4 Nbd7 14.Qf3 Nh7 15.Nf5 Qf6 
16.Nh4 Qxf3 17.Nhxf3 a4 18.b4 c5 19.c3 dxc3 20.Bxc3 Ng5 21.h4 Nxf3+ 22.
Bxf3 Red8 23.Red1 cxb4 24.Bxb4 Nb8 25.Be2 Nc6 26.Bc3 Ba5 27.Bxa5 Rxa5 28.
Nf3 Bg4 29.Rac1 Rb5 30.d4 Bxf3 31.Bxb5 Nxd4 32.Bxa4 Ra8 33.Rxd4 exd4 34.
Bd1 Bxe4 35.Rc4 Rd8 36.Rb4 Kf8 37.Kf1 Ke7 38.Ke1 Kf6 39.Kd2 Ke5 40.Rb5+ 
Kd6 41.Bb3 Bc6 42.Rb4 Ke5 43.Bxf7 Ra8 44.Rb3 Rf8 45.f4+ Kf5 46.Bh5 Rd8 47.
Be2 Bd5 48.Rb5 Ke4 49.Bh5 Rd6 50.Bd1 Rd8 51.Bh5 Rd6 52.Bd1 Rd8 1/2-1/2